WEBSTER'S AMERICAN ENGLISH THESAURUS / (Record no. 615582)

000 -LEADER
fixed length control field 00364nam a22001337a 4500
020 ## - INTERNATIONAL STANDARD BOOK NUMBER
Qualifying information PB.
040 ## - CATALOGING SOURCE
Transcribing agency FIZZA ISHAQ
082 ## - DEWEY DECIMAL CLASSIFICATION NUMBER
Classification number 423.1
Author Mark MER
100 ## - MAIN ENTRY--PERSONAL NAME
Personal name WEBSTER,MERRIAM.
9 (RLIN) 131955
245 ## - TITLE STATEMENT
Title WEBSTER'S AMERICAN ENGLISH THESAURUS /
Statement of responsibility, etc. MERRIAM WEBSTER.
260 ## - PUBLICATION, DISTRIBUTION, ETC.
Place of publication, distribution, etc. NEW YORK;
Name of publisher, distributor, etc. FEDERAL STREET PRESS;
Date of publication, distribution, etc. 2006.
300 ## - PHYSICAL DESCRIPTION
Extent 400 P. ;
Dimensions 6.9X.4.1IN
942 ## - ADDED ENTRY ELEMENTS (KOHA)
Source of classification or shelving scheme
Koha item type Book

No items available.

© 2023 Central Library, National University of Sciences and Technology. All Rights Reserved.